[Event "36th Mitropa Cup Open 2018"]
[Site "Isola Capo Rizzuto"]
[Date "2018.06.08"]
[Round "8"]
[White "Sochacki, Christophe"]
[Black "Vogel, Roven"]
[Result "1/2-1/2"]
[WhiteElo "2459"]
[BlackElo "2467"]
[Annotator "TA"]
[PlyCount "78"]
[EventDate "2018.05.31"]
[EventType "team-tourn"]
[EventCountry "ITA"]
[SourceTitle "playchess.com"]
[Source "ChessBase"]
[SourceQuality "1"]
[WhiteTeam "France"]
[BlackTeam "Germany"]
[WhiteTeamCountry "FRA"]
[BlackTeamCountry "GER"]

{[%evp 17,78,87,86,25,42,28,42,32,41,39,32,35,45,47,49,47,50,45,33,35,56,45,47,50,46,46,45,38,45,44,38,35,43,25,51,46,53,29,89,75,91,92,112,7,197,197,177,185,195,0,0,0,0,0,0,0,0,0,0,0,0,0,0]} 1. b3 Nf6 2. Bb2 g6 3. Nf3 Bg7 4. g3 d6 5. d4 c5 6. Bg2 Qa5+ 7. Qd2 {A49: 1 d4 Nf6 2 Nf3 g6 3 g3: Anti-King's Indian systems} Qxd2+ 8. Nbxd2 Nc6 9. dxc5 dxc5 {LiveBook: 3 Games} 10. O-O $146 (10. O-O-O $16) ({Predecessor:} 10. Ne4 c4 11. Nxf6+ exf6 12. Nd2 Be6 13. Nxc4 Bxc4 14. bxc4 O-O {1-0 (35) Kreisl,R (2440)-Koscielski,J (2339) Katowice 2017}) 10... Bd7 11. Ne4 Nxe4 12. Bxg7 Rg8 13. Bb2 O-O-O 14. Rfd1 b6 15. a3 f5 16. h4 h6 17. Nd2 Nxd2 18. Rxd2 g5 19. hxg5 hxg5 20. b4 Be6 21. Rxd8+ Nxd8 22. bxc5 bxc5 23. a4 {Ba3 is the strong threat.} Bc4 24. Ra3 {Hoping for Rc3.} Ne6 25. Rc3 Ba6 26. Re3 Bc4 27. Re5 Rd8 (27... f4 $11) 28. Rxf5 $16 Rd1+ 29. Kh2 Bxe2 30. Ba3 (30. Re5 $16 Bc4 31. Ba3) 30... c4 $2 (30... Kd7 $11 {and Black is okay.}) 31. c3 $18 Bg4 {[#]} 32. Rf7 $1 Rd2 33. Rxe7 $2 (33. Bxe7 $18 {aiming for Bb7+!} a5 34. Bc6) 33... Rxf2 $11 {The position is equal.} 34. Kg1 Ra2 35. Bd6 Ra1+ 36. Kh2 Ra2 37. Kg1 Ra1+ 38. Kh2 Ra2 39. Kg1 Ra1+ {Precision: White = 60%, Black = 44%.} 1/2-1/2

[Event "36th Mitropa Cup Open 2018"]
[Site "Isola Capo Rizzuto"]
[Date "2018.06.08"]
[Round "8"]
[White "Mesaros, Florian"]
[Black "Kantor, Gergely"]
[Result "0-1"]
[WhiteElo "2436"]
[BlackElo "2522"]
[Annotator "TA"]
[PlyCount "146"]
[EventDate "2018.05.31"]
[EventType "team-tourn"]
[EventCountry "ITA"]
[SourceTitle "playchess.com"]
[Source "ChessBase"]
[SourceQuality "1"]
[WhiteTeam "Austria"]
[BlackTeam "Hungary"]
[WhiteTeamCountry "AUT"]
[BlackTeamCountry "HUN"]

{[%evp 18,146,26,11,30,34,47,37,27,22,37,32,36,12,28,-14,0,0,0,0,65,68,143,113,139,144,126,139,197,197,194,209,191,152,214,177,180,172,140,77,101,47,32,0,0,0,60,0,0,0,-24,-282,-289,-278,-287,-262,-183,-178,-185,-166,-177,-167,-155,-406,-413,-354,0,0,0,0,0,-216,-210,-299,-289,-633,-130,-136,-151,-151,-130,-134,-150,-160,-155,-156,-161,-157,-126,-133,-134,-807,-81,-247,-226,-233,-143,-156,-142,-134,-93,-113,-112,-210,-193,-258,-272,-339,-329,-305,-305,-305,-305,-514,-447,-859,-854,-886,-879,-735,-747,-1141,-1110,-1131,-1105,-2095,-2110,-2075,-2009,-5635,-5546]} 1. d4 Nf6 2. c4 e6 3. Nc3 Bb4 4. e3 O-O 5. Nf3 d5 6. Bd2 b6 7. cxd5 exd5 8. Rc1 {E51: Nimzo-Indian: Rubinstein: 4...0-0 5 Nf3 d5} a6 (8... Bb7 9. Bd3 Be7 10. Ne5 c5 11. O-O Nc6 12. f4 cxd4 13. Nxc6 Bxc6 14. exd4 b5 15. f5 Qb6 {0-1 (29) Krasenkow,M (2628)-Wojtaszek,R (2750) Warsaw 2018}) 9. Bd3 Bb7 10. O-O {LiveBook: 16 Games. White has an edge.} Re8 11. Ne5 Bf8 12. Be1 c5 13. f4 cxd4 14. exd4 Nc6 15. Ne2 $146 ({Predecessor:} 15. Bf2 Rc8 16. Qf3 b5 17. Qh3 Nxe5 18. fxe5 Ne4 19. Be3 Qe7 20. Nxd5 {1-0 (20) Gligoric,S-Bilek,I Sarajevo 1962}) 15... Qd6 16. Qb3 b5 17. Bh4 Na5 18. Qc3 Nc4 (18... b4 $1 $11 19. Qc5 Nc4 20. Qxd6 Nxd6) 19. b3 $14 b4 (19... Ne3 $14) 20. Qe1 $1 $16 (20. Nxc4 $2 dxc4 21. Qxc4 Rac8 $19) 20... Nb6 21. Bxf6 $1 Qxf6 22. g4 {[%cal Bg2g4,Bg4g5][%mdl 32]} Qe7 (22... Qd8 $16) 23. g5 $18 g6 24. Qh4 {Threatens to win with f5.} Bg7 25. Rf3 f5 (25... Nd7 $16 {was called for.}) 26. Rh3 Bxe5 27. fxe5 (27. dxe5 $6 Rac8 $14) 27... Rac8 28. Rf1 (28. Rxc8 $142 Rxc8 29. Nf4 Rc1+ 30. Kf2) 28... Nd7 $16 29. Nf4 ({White should play} 29. Ng3 $16) 29... Nf8 $1 $14 30. Qe1 Rc3 31. Rg3 Rec8 (31... Ne6 $11 32. Qe3 Nxf4 33. Qxf4 Bc6) 32. h4 ({Better is} 32. e6 $14) 32... Ne6 $11 33. Nxe6 Qxe6 34. h5 $2 {[%mdl 8192]} (34. Qf2 $11 {and White is okay.}) 34... f4 $1 $19 {[%cal Rf4g3]} 35. Rgf3 {Qh4 is the strong threat.} Qg4+ (35... gxh5 36. Qf2 $11) 36. Kh2 Qxh5+ 37. Rh3 Qxg5 38. Rg1 Qe7 {And now ...R8c6 would win.} 39. Qf1 Qf7 40. Rg4 $2 (40. Rh4 $17 {is the only way for White.}) 40... Rf8 41. Rh6 {[%cal Rd3g6] Black must now prevent Bxg6!} Rc6 $2 (41... Qg7 $1 $19 {[%cal Rg7h6]} 42. Rgh4 a5) 42. Qh3 $11 Qg7 43. Rgh4 {[%cal Rh6h7]} Rf7 {[%cal Bf8f7,Bf7c7,Bc7c2][%mdl 32]} 44. e6 $2 (44. Kg2 $11) 44... Rfc7 $1 $19 45. Rxf4 (45. Qg4 {is a better defense.} Bc8 46. Qxf4) 45... Bc8 $1 ({Not} 45... Re7 $2 46. Bxg6 $1 {[%mdl 512]} Rcxe6 47. Bxh7+ Qxh7 48. Qg4+ Rg6 49. Qxg6+ Qxg6 50. Rxg6+ Kh7 51. Rb6 $18) 46. Rfh4 $2 {[#]} (46. Qh4 Qe7 47. Qxe7 Rxe7 48. Rh3) 46... Bxe6 $2 (46... Rc2+ $1 $19 {[%mdl 512] has better winning chances.} 47. Kg1 (47. Bxc2 $2 Rxc2+ 48. Kh1 Rc1+ 49. Kg2 Qf6 $19) 47... Rc1+ 48. Kg2 Qf6 49. Rxh7 Rxh7 50. Rxh7 Qxd4) 47. Qe3 $17 Qf6 48. Rf4 Rc2+ 49. Bxc2 Rxc2+ 50. Kh1 Bf5 51. Rh2 Be4+ 52. Kg1 ({Don't go for} 52. Qxe4 $2 Rc1+ 53. Kg2 Qg5+ 54. Rg4 Qd2+ 55. Kh3 Qc3+ 56. Rg3 dxe4 $19) 52... Qg5+ 53. Kf1 Rg2 ({Reject} 53... Rxh2 $6 {[#]} 54. Rf8+ $1 {[%mdl 512]} Kxf8 55. Qxg5 $11) 54. Rhh4 $2 {[%mdl 8192]} (54. Rxg2 $17 Qxg2+ 55. Ke1) 54... h6 $2 (54... Rg3 $19 {is more deadly.} 55. Qf2 Bd3+ 56. Ke1 Rg1+ 57. Kd2 Rg2 58. Qxg2 Qxg2+ 59. Kxd3 Qxa2) 55. Qh3 $2 (55. Rxe4 $17 dxe4 56. Qxe4) 55... Rg1+ $19 56. Kf2 {Threatening mate with Qe6+.} Qg2+ $40 {[%mdl 128] Black attacks with force.} 57. Qxg2 Rxg2+ $17 {[%mdl 4096] Endgame KRR-KRB} 58. Ke3 h5 {[%cal Bh6h5,Bh5h4,Bh4h3][%mdl 32]} 59. Rf2 Rg1 60. Rhf4 (60. Rf6 $17) 60... Kg7 $19 61. Rf7+ (61. Rf6 $142) 61... Kh6 62. Kf4 h4 63. Rf8 g5+ {[%cal Bg6g5,Bg5g4][%mdl 32]} 64. Ke5 Kh5 65. Rg8 $2 (65. a3 Re1 66. axb4) 65... h3 {Black is clearly winning.} 66. Kf6 (66. Rf6 $142 Re1 67. Rh8+ Kg4 68. Rfh6) 66... Kh4 67. Ke5 Rg2 68. Rf6 g4 69. Rf1 Kg3 70. Rf4 Bf3 71. Kf5 h2 72. Rh8 Rxa2 73. Kg5 Ra1 {Precision: White = 33%, Black = 66%.} 0-1

[Event "36th Mitropa Cup Open 2018"]
[Site "Isola Capo Rizzuto"]
[Date "2018.06.08"]
[Round "8"]
[White "Vykouk, Jan"]
[Black "Dobrovoljc, Vid"]
[Result "1/2-1/2"]
[WhiteElo "2423"]
[BlackElo "2310"]
[Annotator "TA"]
[PlyCount "167"]
[EventDate "2018.05.31"]
[EventType "team-tourn"]
[EventCountry "ITA"]
[SourceTitle "playchess.com"]
[Source "ChessBase"]
[SourceQuality "1"]
[WhiteTeam "Czech Republic"]
[BlackTeam "Slovenia"]
[WhiteTeamCountry "CZE"]
[BlackTeamCountry "SLO"]

{[%evp 18,167,25,0,12,-10,17,-16,-14,-6,-7,-33,39,40,44,44,44,44,44,44,44,44,46,48,61,60,71,54,95,75,74,60,86,86,69,69,76,71,62,68,68,49,49,49,49,8,49,11,11,8,8,8,6,8,8,8,9,0,0,0,22,14,67,35,33,0,24,35,28,18,20,25,7,17,29,0,276,0,0,0,0,0,0,0,0,0,8,8,8,0,0,0,0,0,0,0,0,0,0,0,0,0,0,0,8,8,8,8,8,8,8,8,8,8,8,8,8,8,8,8,8,8,8,8,8,8,8,8,8,8,8,0,8,8,8,8,8,8,8,8,8,8,8,8,8,8,8,8,8,8,8,8]} 1. e4 c5 2. Nf3 d6 3. d4 cxd4 4. Nxd4 Nf6 5. Nc3 Nc6 6. Be2 e5 7. Nf3 Be7 8. Bg5 O-O 9. O-O Be6 {B58: Classical Sicilian: 6 Be2} 10. Qd2 {LiveBook: 12 Games} (10. Bxf6 Bxf6 11. Nd5 Bg5 12. Bc4 Rc8 13. Bb3 Bh6 14. Qd3 Kh8 15. Nc3 Qe7 16. Rfd1 Rfd8 17. Nd5 Qf8 18. c3 Rd7 19. Ne3 Bxe3 20. Qxe3 {½-½ (61) Fressinet,L (2660)-Cramling,P (2454) Caleta 2017}) 10... Qb6 11. a3 $146 (11. Be3 $5 {[%cal Re3b6]} Qa5 12. a3 $11) ({Predecessor:} 11. Rab1 Rac8 12. Bxf6 Bxf6 13. Rfd1 Rfd8 14. Nd5 Bxd5 15. exd5 Ne7 16. c4 e4 17. Nd4 {0-1 (61) Gara,T (2377)-Gonzalez Zamora,J (2542) Mexico City 2012}) 11... Rfd8 12. Bxf6 (12. Be3 {keeps more tension.} Qc7 13. Nd5 Bxd5 14. exd5 Na5 15. b3) 12... Bxf6 13. Nd5 Bxd5 $1 14. Qxd5 Nd4 ({Black should play} 14... Qxb2 $15 15. Bc4 Rd7) 15. Nxd4 $14 Qxd4 16. Bc4 Qxd5 17. Bxd5 Rd7 18. a4 Rc8 19. c3 Bd8 20. g3 a5 21. Kg2 Bb6 22. f4 Kf8 23. Rf3 Bd8 24. Raf1 {[#] Black must now prevent fxe5.} Bf6 25. fxe5 dxe5 26. h4 Rcc7 27. Rf5 Kg8 28. Kh3 h5 29. Rxh5 {[#] And now Rhf5 would win.} g6 30. Rxf6 gxh5 {[%mdl 4096] Endgame KRR-KRB} 31. Rf5 Kg7 32. Rxe5 Kg6 33. Rg5+ Kh6 34. Rf5 Kg6 $1 35. g4 hxg4+ 36. Kxg4 Rd6 37. Rg5+ Kh7 38. Kf5 Rh6 39. h5 f6 (39... Rb6 $11) 40. Rg2 Re7 41. Bg8+ Kh8 42. Be6 Rg7 43. Rd2 Rg5+ 44. Kf4 {Threatening Rd8+.} Rhxh5 45. Rd8+ Kh7 46. Bf5+ Kh6 $2 {[%mdl 8192]} (46... Kg7 $1 $11 {and Black has nothing to worry.}) 47. Rh8+ $2 ({White has to play} 47. Bg4 $18 Rxg4+ 48. Kxg4 Rg5+ 49. Kf3) 47... Kg7 $11 {The position is equal.} 48. Rb8 Rg2 49. Rxb7+ Kf8 50. Ke3 Rhh2 51. b4 {[%cal Bb2b4,Bb4b5,Bb5b6,Bb6b7][%mdl 32]} Rd2 52. Bg4 Ra2 53. b5 Rxa4 54. b6 Rb2 55. Be6 Ra1 56. c4 Rc1 57. Bd5 {Strongly threatening Rf7+.} a4 $1 58. Rb8+ Ke7 {aiming for ...a3.} 59. b7 a3 60. Ra8 Rcb1 $132 {[%mdl 2048] Black has counterplay} 61. Rxa3 {Hoping for Ra7.} Rb3+ 62. Rxb3 Rxb3+ {KR-KB} 63. Kf4 Rb2 64. c5 Kd7 65. Kf5 Rf2+ 66. Kg6 Kc7 67. c6 Rf1 68. Kf7 Rf2 69. Ke6 Rf1 70. Ke7 Rf2 71. Be6 Re2 72. Bf5 Rc2 73. Bd7 Re2 74. Bf5 Rc2 75. e5 Rxc6 76. Bd7 Rc2 77. exf6 Kxb7 78. Bf5 Rf2 79. Ke6 {Threatens to win with f7.} Re2+ 80. Kd5 Re8 81. Kd6 Rf8 82. Be4+ Ka7 83. Ke7 Rxf6 84. Kxf6 {Precision: White = 57%, Black = 69%.} 1/2-1/2

[Event "36th Mitropa Cup Open 2018"]
[Site "Isola Capo Rizzuto"]
[Date "2018.06.08"]
[Round "8"]
[White "Srbis, Jurica"]
[Black "Jablonicky, Martin"]
[Result "1/2-1/2"]
[WhiteElo "2416"]
[BlackElo "2356"]
[Annotator "TA"]
[PlyCount "135"]
[EventDate "2018.05.31"]
[EventType "team-tourn"]
[EventCountry "ITA"]
[SourceTitle "playchess.com"]
[Source "ChessBase"]
[SourceQuality "1"]
[WhiteTeam "Croatia"]
[BlackTeam "Slovakia"]
[WhiteTeamCountry "CRO"]
[BlackTeamCountry "SVK"]

{[%evp 11,135,17,16,-14,12,0,16,8,9,22,29,0,0,-14,0,-20,-15,-37,-32,-37,-32,-37,-35,-70,-59,-65,-60,-66,-61,-64,-20,-16,-16,-16,-16,-16,-16,-16,-16,-16,-16,-19,7,7,7,7,7,7,7,7,7,7,8,7,2,2,5,0,0,0,0,0,8,8,8,17,27,8,25,2,8,8,8,8,10,2,2,2,2,2,8,0,0,0,0,-8,-8,-8,-8,-8,0,0,0,0,0,0,0,0,0,0,0,0,0,0,0,0,0,0,0,0,0,0,0,-8,-8,-8,-8,-8,-8,-8,-8,-8,-8,-8,-8,-8]} 1. e4 g6 2. d4 Bg7 3. Nc3 c6 4. Nf3 d5 5. h3 Nf6 6. Bd3 dxe4 {LiveBook: 275 Games. B15: Caro-Kann: 3 Nc3: 3...g6 and 3...dxe4 4 Nxe4 Nf6 5 Nxf6+ exf6} 7. Bxe4 (7. Nxe4 Nxe4 8. Bxe4 Nd7 9. c3 O-O 10. O-O c5 11. Re1 cxd4 12. Nxd4 Nc5 13. Bc2 e5 14. Nb5 Qb6 15. a4 a6 16. Qd6 Qxd6 17. Nxd6 Rd8 18. Nc4 Nd3 19. Rd1 Bf5 20. Bg5 f6 21. Be3 e4 22. Bxd3 exd3 {1-0 (43) Nepomniachtchi,I (2721)-Wang,H (2735) Beijing 2013}) 7... Nxe4 (7... c5 $5 8. Be3 (8. dxc5 Qxd1+ 9. Kxd1 Nxe4 $15) 8... O-O $11) 8. Nxe4 O-O 9. O-O Nd7 10. Re1 $146 ({Predecessor:} 10. c3 h6 11. Bf4 g5 12. Bh2 f5 13. Qb3+ Kh8 14. Nexg5 hxg5 15. Nxg5 {1-0 (28) Djurovic,G (2361)-Valsecchi,A (2429) Zagreb 2012}) 10... Nf6 11. Nxf6+ exf6 12. c3 Be6 13. Be3 a5 14. Nd2 Re8 15. Nb3 b6 16. Nc1 a4 17. a3 Qd5 18. Ne2 Qb5 19. Qd2 Bc4 20. Ng3 Red8 21. Bh6 c5 22. Re4 cxd4 23. Bxg7 Kxg7 24. Rxd4 Rxd4 25. Qxd4 Qxb2 26. Re1 $1 b5 27. Ne4 Ra6 28. Nd6 Qxa3 29. Ne8+ Kf8 $1 30. Nxf6 Re6 31. Qd8+ Kg7 32. Ne8+ Kg8 $1 $132 {[%mdl 2048] Black is not keeping still} 33. Nc7+ Qf8 34. Nxe6 Bxe6 35. Qxf8+ (35. Qb6 {is more complex.} Bc4 36. Rd1 Qe7 37. Qd8+ Qxd8 38. Rxd8+ Kg7 39. Ra8) 35... Kxf8 $11 {[%mdl 4096] Endgame KR-KB} 36. Ra1 Ke7 37. Kf1 Kd6 38. Ke2 Kc5 39. Kd2 h5 40. Kc2 Bb3+ {The position is equal.} 41. Kb2 Kc4 $1 42. Re1 {Re5 is the strong threat.} Kd3 $1 43. h4 Bc4 44. f3 a3+ 45. Kxa3 Kxc3 {[#] Strongly threatening ...b4+.} 46. Rc1+ Kd2 47. Kb2 Ke3 48. g4 Kxf3 49. gxh5 gxh5 {Threatens to win with ...f5.} 50. Rg1 Kf4 51. Kc3 f5 52. Kd4 Be2 53. Rg2 Bg4 54. Rf2+ Kg3 55. Ke3 b4 56. Rf1 b3 57. Rg1+ Kxh4 {[#] aiming for ...Kg5.} 58. Kf4 {Black must now prevent Rh1+.} Kh3 59. Rg3+ Kh2 $1 60. Rxb3 h4 61. Rb2+ Kg1 62. Rb1+ Kf2 63. Rb2+ Be2 64. Kxf5 h3 {Hoping for ...h2.} 65. Rb3 h2 66. Rh3 Kg2 67. Rxh2+ Kxh2 68. Ke4 {Precision: White = 74%, Black = 72%.} 1/2-1/2

[Event "36th Mitropa Cup Open 2018"]
[Site "Isola Capo Rizzuto"]
[Date "2018.06.08"]
[Round "8"]
[White "Janzelj, Tim"]
[Black "Cernousek, Lukas"]
[Result "1/2-1/2"]
[WhiteElo "2410"]
[BlackElo "2462"]
[Annotator "TA"]
[PlyCount "78"]
[EventDate "2018.05.31"]
[EventType "team-tourn"]
[EventCountry "ITA"]
[SourceTitle "playchess.com"]
[Source "ChessBase"]
[SourceQuality "1"]
[WhiteTeam "Slovenia"]
[BlackTeam "Czech Republic"]
[WhiteTeamCountry "SLO"]
[BlackTeamCountry "CZE"]

{[%evp 9,78,11,39,16,13,13,23,13,35,31,39,34,22,37,29,-1,9,0,0,0,0,16,17,0,0,0,0,0,0,0,0,0,-4,-28,0,-80,-39,-39,-40,-49,-10,-12,0,-15,0,0,0,-11,4,0,27,-21,-25,-32,14,15,79,77,83,0,0,0,0,0,0,0,25,0,0,-19,-26]} 1. e4 e5 2. Nf3 Nf6 3. Nxe5 d6 4. Nf3 Nxe4 5. c4 g6 {LiveBook: 5 Games} (5... Nc6 6. Nc3 Nxc3 7. dxc3 g6 8. Bg5 Be7 9. Bh6 Bf8 10. Bg5 Be7 11. Bh6 Bf8 12. Bg5 {½-½ (12) Jones,G (2640)-Mamedyarov,S (2804) Wijk aan Zee 2018}) 6. Nc3 {C42: Petroff Defence: 3 Nxe5 and unusual White 3rd moves} Nxc3 7. dxc3 Bg7 8. Bg5 {White has an edge.} Qd7 (8... f6 $5 {[%cal Rf6g5]} 9. Be3 Nc6 $14) 9. Qe2+ Qe6 10. Nd4 $146 ({Predecessor:} 10. O-O-O Qxe2 11. Bxe2 Nc6 12. Rhe1 O-O 13. Bf4 {1-0 (27) Kononenko,D (2616)-Gaehwiler,G (2416) Marianske Lazne 2017}) 10... Qxe2+ 11. Bxe2 a6 12. Bf3 h6 13. Bf4 Nd7 {[%cal Bb8d7,Bd7e5,Be5f3][%mdl 32]} 14. O-O-O O-O 15. Rhe1 Ne5 16. c5 Nxf3 17. Nxf3 dxc5 18. Re7 Be6 19. Rxc7 b5 {[%cal Bb7b5,Bb5b4][%mdl 32]} 20. a3 Rfc8 21. Rb7 b4 22. Rd3 (22. axb4 $11 cxb4 23. Rxb4) 22... Bc4 23. Re3 Bd5 24. Rb6 a5 25. Be5 Bf8 26. Bd6 Bxd6 (26... bxa3 {is more complex.} 27. bxa3 Bg7 28. Be5 a4 29. Rd6 Be6) 27. Rxd6 Be6 28. Ne5 {next Nxg6! is good for White.} g5 29. g3 Rc7 30. f4 {[%cal Bf2f4,Bf4f5][%mdl 32]} bxa3 31. bxa3 Rb7 32. Nc6 Rb3 (32... gxf4 $11 {remains equal.} 33. gxf4 Kg7) 33. f5 $1 $16 {[%cal Rf5e6]} Bc4 {[#]} 34. Ne5 (34. h4 $1 $16 Kg7 35. f6+ Kh7 36. hxg5) 34... Bf1 $11 {...Rab8 is the strong threat.} 35. Nd7 ({Not} 35. Rxh6 $2 Rab8 $19) 35... c4 $36 {[%mdl 2048] White should prevent ...Bd3. Black is pushing.} 36. Nf6+ Kf8 37. Nd7+ Kg7 38. f6+ Kg8 $1 39. Nc5 Rb5 {Precision: White = 63%, Black = 52%.} 1/2-1/2

[Event "36th Mitropa Cup Open 2018"]
[Site "Isola Capo Rizzuto"]
[Date "2018.06.08"]
[Round "8"]
[White "Tomazini, Zan"]
[Black "Hracek, Zbynek"]
[Result "*"]
[WhiteElo "2408"]
[BlackElo "2575"]
[Annotator "TA RC"]
[PlyCount "102"]
[EventDate "2018.05.31"]
[EventType "team-tourn"]
[EventCountry "ITA"]
[SourceTitle "playchess.com"]
[Source "ChessBase"]
[SourceQuality "1"]
[WhiteTeam "Slovenia"]
[BlackTeam "Czech Republic"]
[WhiteTeamCountry "SLO"]
[BlackTeamCountry "CZE"]

{[%evp 30,102,-9,-21,0,-31,0,0,0,0,0,0,-7,-60,23,0,0,0,137,142,172,137,310,339,336,335,308,278,250,262,261,247,544,399,399,395,391,391,383,383,402,410,420,420,420,415,486,509,572,557,602,583,615,611,547,585,721,654,721,714,910,910,910,910,854,776,910,910,910,899,879,872,824,708,29955]} 1. e4 c5 2. c3 Nf6 3. e5 Nd5 4. d4 cxd4 5. Nf3 Nc6 6. cxd4 d6 7. Bc4 e6 8. O-O Be7 9. Qe2 O-O 10. Nc3 Nxc3 11. bxc3 dxe5 12. dxe5 b6 13. Qe4 Qc7 {B22: Sizilianisch (Alapin 2.c3)} 14. Bd3 (14. Re1 Bb7 15. Bd3 g6 16. Qg4 Na5 17. Bh6 Bxf3 18. Qxf3 Rfd8 19. Ba6 Rab8 20. h3 b5 21. a4 {0-1 (35) Vajda,L (2588)-Vovk,Y (2614) Slovakia 2018}) 14... g6 15. Bh6 Rd8 16. Rad1 {LiveBook: 31 Partien} Rd5 17. Bc4 $146 ({Vorgänger:} 17. c4 Ra5 18. Qf4 Bb7 19. Rfe1 Re8 20. Bf1 f5 21. h4 {1-0 (21) Churkin,M (2493)-Ermolaev,A (2415) ICCF email 2013}) 17... Rxd1 18. Rxd1 Bb7 19. Qf4 Rd8 20. Re1 Rd7 21. h4 ({Besser ist} 21. Bb3 $11) 21... Nd8 (21... Nd4 $1 $15 22. Nxd4 Qxc4) 22. Ng5 {[%cal Bf3g5,Bg5e4,Be4f6][%mdl 32]} Qc5 23. Re3 b5 (23... Qc6 $1 $11 {hält das Gleichgewicht.} 24. Rf3 Qc5) 24. Bb3 $1 $16 Bd5 25. Bxd5 Rxd5 $2 (25... Qxd5 $16 26. Ne4 Qd1+ 27. Kh2 f5 28. exf6 Bd6 29. Nxd6 Qxd6) 26. Ne4 $18 Rd1+ 27. Kh2 Qc4 28. Nf6+ Kh8 {[#] Weiss sollte ...Dxf4+ verhindern.} 29. Re4 $1 {[%cal Re4c4]} Qxc3 {[#]} 30. Bg5 $1 {Droht Sg4 und aus.} Re1 $2 (30... h6 {war einen Versuch wert.}) 31. Rxe1 Qxe1 32. Ng4 Qb4 (32... Bxg5 33. Qxg5 a6 34. h5 Qc1 35. Qxc1 Kg8 36. Qh6 f6 37. exf6 Kf7 38. Qg7+ Ke8 39. Qe7#) 33. Qxb4 Bxb4 34. Bxd8 a5 35. Kg3 Bc3 36. Kf4 a4 37. Ke4 b4 38. Ba5 {Weiß steht klar auf Gewinn.} Be1 39. Kd3 h5 40. Ne3 Bxf2 41. Bxb4 Bxh4 42. Nc4 Bg3 43. Ke4 Kg7 44. Nb6 g5 45. Be7 g4 46. Nxa4 h4 47. Nc3 h3 48. gxh3 gxh3 49. Ne2 Be1 50. Kf3 Kg6 51. Bf6 Kf5 {Precision: Weiß = 78%, Schwarz = 27%.} *

[Event "36th Mitropa Cup Open 2018"]
[Site "Isola Capo Rizzuto"]
[Date "2018.06.08"]
[Round "8"]
[White "Kreisl, Robert"]
[Black "Nagy, Gabor"]
[Result "1/2-1/2"]
[WhiteElo "2402"]
[BlackElo "2472"]
[Annotator "TA"]
[PlyCount "33"]
[EventDate "2018.05.31"]
[EventType "team-tourn"]
[EventCountry "ITA"]
[SourceTitle "playchess.com"]
[Source "ChessBase"]
[SourceQuality "1"]
[WhiteTeam "Austria"]
[BlackTeam "Hungary"]
[WhiteTeamCountry "AUT"]
[BlackTeamCountry "HUN"]

{[%evp 14,33,37,35,45,30,43,49,61,30,64,5,47,57,64,0,0,0,0,0,-11,-17]} 1. Nf3 c5 2. c4 Nf6 3. Nc3 Nc6 4. d4 cxd4 5. Nxd4 Qb6 6. Nb3 e6 7. a3 Be7 {A31: Symmetrical English: 2 Nf3 Nf6 3 d4} (7... d6 8. e4 Be7 9. Be2 O-O 10. O-O Qd8 11. Be3 b6 12. f4 Bb7 13. Rc1 Nd7 14. Kh1 Nc5 15. Nd2 {½-½ (48) Neiksans,A (2582)-Alekseev,E (2616) Tallinn 2018}) 8. e4 $1 {LiveBook: 41 Games} Qc7 9. Be2 b6 {White has an edge.} 10. Be3 Bb7 $146 ({Predecessor:} 10... Ba6 11. Rc1 Rc8 12. O-O O-O 13. c5 Bxe2 14. Qxe2 bxc5 15. Nxc5 {½-½ (22) Jakovljevic,V (2377)-Villwock,M (2157) Vienna 2011}) 11. Rc1 Rd8 12. c5 (12. f4 $14) 12... bxc5 13. Nxc5 O-O 14. Nxb7 (14. O-O $14) 14... Qxb7 $11 {The position is equal.} 15. b4 d5 16. exd5 exd5 {[#] ...d4 is the strong threat.} 17. b5 1/2-1/2